00588cam a22002411 4500001001300000003000400013005001700017008004100034010001700075035002000092040001800112042001200130050002200142100002600164245002600190250001300216260001100229300002200240500001700262504003000279600002000309999001700329sa 68009199 DLC20260227112541.0890808s1968 ii b 000 0 asmo  asa 68009199  a(OCoLC)20142950 aDLCcWaUdDLC apremarc00aDS460.R3bB5 19681 aBhuyan, Suryya Kumar.00aRamaṇī Gābharu. a[2d ed.] c[1968] a14, 88 p.c22 cm. aIn Assamese. aBibliography: p. [86]-88.00aRamani Gabharu. c82787d82787